Statistics for 10 Biggest Cities in Order: Philippines

Click here to take the quiz!

General Stats

  • This quiz has been taken 44 times
  • The average score is 3 of 10

Answer Stats

# Answer % Correct
1Quezon City
89%
2Manila
71%
5Cebu
54%
4Davao
40%
3Caloocan
23%
7Pasig
9%
6Antipolo
6%
9Zamboanga
6%
8Taguig
3%
10Cagayan de Oro
0%

Score Distribution

Percentile by Number Answered

Percent of People with Each Score

Your Score History

You have not taken this quiz